000 01250nam a2200325 i 4500
001 000035943
003 DO-SdBNP
005 20241010122552.0
007 ta
008 111121s2000 dr ac r 000 0 spa d
040 _aDO-SdBNP
_bspa
_cBNPHU
_erda
041 _aspa
082 4 _a709.7293
_bM647m
_222
100 1 _aMiller, Jeannette,
_d1944-
_eautor
_4aut.
_983484
245 1 0 _a1844-2000 arte dominicano :
_bpintura, dibujo, gráfica y mural /
_cJeannette Miller.
246 1 0 _aMil ochocientos cuarenta y cuatro - dos mil arte dominicano
264 4 _aSanto Domingo :
_bEditora Codetel,
_c2000.
300 _a471 páginas :
_bilustraciones ;
_c30 cm.
336 _atexto
_btxt
_2rdacontent
337 _asin mediación
_bn
_2rdamedia
338 _avolumen
_bnc
_2rdacarrier
490 1 _aColección cultural CODETEL ;
_v4
590 _aInventariado, 2024/BT
650 4 _aArte
_91858
_z República Dominicana
_xHistoria
650 4 _aArte narrativo (Artes visuales)
_z República Dominicana
_x Historia
_y1844-2000
_986403
650 4 _a Pintura dominicana
_x Historia
_y1844-2000
_985972
650 4 _aArtes gráficas
_z República Dominicana
_xHistoria
_y1844-2000
_985973
910 _aValidado. Control de calidad MFF
942 _2ddc
_cLBS1
999 _c35434
_d35434